00499 2200157 4500245005400000250001100054100002400065650004900089005001900138260005100157041001400208084000800222500007800230490002400308336000900332 aManusia dan MasyarakatcJean-Claude CorbellhText aCet. 1 aJean-Claude Corbell aKAMUS IPA BERGAMBAR : Manusia dan Masyarakat a20231116091148 aJakartabEnsiklopedia Nasional Indonesiac2012 aIndonesia a503 aDaftar Isi : Manusia : Tubuh Manusia,Anatomi. Masyarakat : Kota, Keadilan aKamus IPA Bergambar atext